| 000 | 00583nam a22001697a 4500 | ||
|---|---|---|---|
| 003 | OSt | ||
| 005 | 20151102140003.0 | ||
| 008 | 130715s2013 sp ||||| |||| 00| 0 cat d | ||
| 040 | _cCDMR | ||
| 245 | 0 | 0 | _aGuia de la comunicació, Lleida 2013 |
| 260 |
_aLleida _bCol·legi de Periodistes de Catalunya. Demarcació de Lleida _cDL 2013 |
||
| 300 | _a294 p. | ||
| 650 | 0 | 4 |
_93923 _aMitjans de comunicació de massa _vDirectoris |
| 650 | 0 | 4 |
_93924 _aEmpreses _yLleida (Província) _vDirectoris |
| 710 | 2 |
_952 _aCol·legi de Periodistes de Catalunya _b -- Demarcació de Lleida |
|
| 942 |
_2udc _cMON |
||
| 999 |
_c6584 _d6584 |
||